000 00736nam a2200277Ia 4500
005 20260320195815.0
008 008 262003s9999 xx 000 0 hin d
020 _a9789390971626
037 _aEBOOK
040 _aCRL
040 _bhin
040 _cCRL
041 _2hin
041 _ahin
084 _qCRL
100 _aरूमी, अनु. एवं सं. बलराम शुक्ला
_91133171
245 0 _aनि:शब्द नूपुर: रूमी की 100 गज़ले
250 _a2nd
260 _bRajkamal
260 _c2021
300 _a273
856 _uhttps://ebook.indiaread.in/pdfs/9789390971626.pdf
942 _cEBOOK
999 _c1716605
_d1716605